Criminal investigation. / (Record no. 9487)
[ view plain ]
| 000 -LEADER | |
|---|---|
| fixed length control field | 01625cam a2200277 a 4500 |
| 001 - CONTROL NUMBER | |
| control field | 13096301 |
| 003 - CONTROL NUMBER IDENTIFIER | |
| control field | OSt |
| 005 - DATE AND TIME OF LATEST TRANSACTION | |
| control field | 20230622115311.0 |
| 008 - FIXED-LENGTH DATA ELEMENTS--GENERAL INFORMATION | |
| fixed length control field | 030219s2004 caua b 001 0 eng |
| 010 ## - LIBRARY OF CONGRESS CONTROL NUMBER | |
| LC control number | 2003102659 |
| 020 ## - INTERNATIONAL STANDARD BOOK NUMBER | |
| International Standard Book Number | 9781435469938 |
| 020 ## - INTERNATIONAL STANDARD BOOK NUMBER | |
| International Standard Book Number | 1435469933 |
| 040 ## - CATALOGING SOURCE | |
| Original cataloging agency | DLC |
| Transcribing agency | DLC |
| Modifying agency | DLC |
| 050 00 - LIBRARY OF CONGRESS CALL NUMBER | |
| Classification number | HV8073.H58 |
| 082 04 - DEWEY DECIMAL CLASSIFICATION NUMBER | |
| Classification number | 363.25 |
| Edition number | 21 |
| 100 1# - MAIN ENTRY--PERSONAL NAME | |
| Personal name | Hess, Karen M. |
| 9 (RLIN) | 1135 |
| 245 10 - TITLE STATEMENT | |
| Title | Criminal investigation. / |
| Statement of responsibility, etc. | Kären M. Hess, Christen Hess Orthmann |
| 250 ## - EDITION STATEMENT | |
| Edition statement | 9th ed. |
| 260 ## - PUBLICATION, DISTRIBUTION, ETC. | |
| Place of publication, distribution, etc. | London : |
| Name of publisher, distributor, etc. | Delmar Cengage Learning, |
| Date of publication, distribution, etc. | 2010. |
| 300 ## - PHYSICAL DESCRIPTION | |
| Extent | xxv, 725 p.: |
| Other physical details | ill. (some col.) ; |
| Dimensions | 26 cm. |
| 504 ## - BIBLIOGRAPHY, ETC. NOTE | |
| Bibliography, etc. note | Includes bibliographical references and indexes. |
| 505 ## - FORMATTED CONTENTS NOTE | |
| Formatted contents note | Contents:Introduction: Criminal investigation: an overview -- Documenting the crime scene -- Writing effective reports -- Searches -- Forensics/physical evidence -- Obtaining information and intelligence -- Identifying and arresting suspects -- Investigating violent crimes: Death investigations -- Assault, domestic violence, stalking and elder abuse -- Sex offenses -- Crimes against children -- Robbery -- Investigating crimes against property: Burglary -- Larceny/theft, fraud and white-collar crime -- Motor vehicle theft -- Arson, bombs and explosives -- Other challenges to the criminal investigator: Computer crime -- a dual threat: drug-related crime and organized crime -- Criminal activities of gangs and other dangerous groups -- Terrorism and homeland security -- Preparing for and presenting cases in court - |
| 650 #0 - SUBJECT ADDED ENTRY--TOPICAL TERM | |
| Topical term or geographic name entry element | Criminal investigation. |
| 9 (RLIN) | 1136 |
| 700 1# - ADDED ENTRY--PERSONAL NAME | |
| Personal name | Orthmann, Christine Hess |
| 9 (RLIN) | 1137 |
| 942 ## - ADDED ENTRY ELEMENTS (KOHA) | |
| Source of classification or shelving scheme | Dewey Decimal Classification |
| Koha item type | Books |
| Withdrawn status | Lost status | Source of classification or shelving scheme | Damaged status | Not for loan | Home library | Current library | Shelving location | Date acquired | Full call number | Barcode | Date last seen | Copy number | Koha item type |
|---|---|---|---|---|---|---|---|---|---|---|---|---|---|
| Library of Congress Classification | WISCONSIN INTERNATIONAL UNIVERSITY COLLEGE, GHANA KUMASI LIBRARY | WISCONSIN INTERNATIONAL UNIVERSITY COLLEGE, GHANA KUMASI LIBRARY | Law Library | 24/03/2023 | HV8073.H58(9e) | KSL/1741/004/23 | 03/04/2023 | 1 | Books | ||||
| Library of Congress Classification | WISCONSIN INTERNATIONAL UNIVERSITY COLLEGE, GHANA KUMASI LIBRARY | WISCONSIN INTERNATIONAL UNIVERSITY COLLEGE, GHANA KUMASI LIBRARY | Law Library | 24/03/2023 | HV8073.H581(9e) | KSL/1742/005/23 | 03/04/2023 | 2 | Books |
